| 000 | 01183cam a22003131a 4500 | ||
|---|---|---|---|
| 001 | agr61000385 | ||
| 003 | DLC | ||
| 005 | 20260227111021.0 | ||
| 008 | 860507s1961 dcuab b f000 0 eng c | ||
| 010 | _aagr61000385 | ||
| 035 | _a(OCoLC)13542216 | ||
| 040 |
_aU.S. Dept. of Agr. Libr. _cKyU _dKyU _dDNAL _dDLC |
||
| 042 | _apremarc | ||
| 043 | _an-us--- | ||
| 050 | 0 | 0 |
_aS21 _b.A46 no. 867 |
| 070 | 0 |
_a1 _bAg84M no.867 |
|
| 072 | 0 |
_aF120 _aE700 |
|
| 100 | 1 |
_aDoub, Albert, _d1917- |
|
| 245 | 1 | 0 |
_aTobacco in the United States : _bproduction, marketing, manufacturing, exports / _c[prepared and arranged by Albert Doub, Jr., and Alice Wolfe]. |
| 260 |
_aWashington, D.C. : _bU.S. Dept. of Agriculture, Agricultural Marketing Service, _c[1961]. |
||
| 300 |
_a62 p. : _bill., maps ; _c26 cm. |
||
| 490 | 1 |
_aMiscellaneous publication / United States Department of Agriculture ; _vno. 867 |
|
| 500 | _aCover title. | ||
| 504 | _aBibliography: p. 60-62. | ||
| 650 | 0 |
_aTobacco _zUnited States. |
|
| 650 | 0 |
_aTobacco industry _zUnited States. |
|
| 700 | 1 |
_aWolfe, Alice Mildred, _d1903- |
|
| 830 | 0 |
_aMiscellaneous publication (United States. Department of Agriculture) ; _vno. 867. |
|
| 999 |
_c11784 _d11784 |
||